Top 20 Songs of 2013 - Statistics

General Stats
  • This quiz has been taken 7 times
  • The average score is 7 of 20
Answer Stats
Artist Song % Correct
Robin Thicke Blurred Lines
86%
Katy Perry Roar
86%
Miley Cyrus Wrecking Ball
71%
Lorde Royals
57%
Pink Just Give Me a Reason
43%
Imagine Dragons Radioactive
43%
Macklemore Thrift Shop
43%
Avicii Wake Me Up
43%
Daft Punk Get Lucky
29%
Justin Timberlake Mirrors
29%
Bruno Mars When I Was Your Man
29%
Macklemore Can't Hold Us
14%
Baauer Harlem Shake
14%
Taylor Swift I Knew You Were Trouble
14%
Bruno Mars Locked Out Of Heaven
14%
Rihanna Stay
14%
Justin Timberlake Suit and Tie
14%
Miley Cyrus We Can't Stop
14%
Florida Georgia Line Cruise
0%
The Lumineers Ho Hey
0%
No matching quizzes found
Score Distribution
Percent of People with Each Score
Percentile by Number Answered
Your Score History
You have not taken this quiz